000 00877nam a2200169 a 4500
008 120416s0000 ||||||||||||||||| || u
020 _a0074624202
050 _aHF 5691 Sah
100 _aSaha, Suranjan
245 1 0 _aPractical business mathematics and statistics
246 _afor CWA intermediate examinations (New Syllubus)
260 _aNew Delhi
_bTata McGraw-Hill
_c1995
350 _a0.00
995 _aBINDERY (DAMAGED)
_D0.00
_e732191
_FCBU-MAIN LIBRARY (Kitwe)
_H3
_I33.00
_jHF 5691 Sah
_M3
_UDAMAGED
_y029961
_ZMain Library Open Access Collection
995 _aMAIN LIBRARY OPEN ACCESS
_D0.00
_e732192
_FCBU-MAIN LIBRARY (Kitwe)
_H1
_I33.00
_jHF 5691 Sah
_M1
_UAVAILABLE
_WApr 25, 2006
_y029959
_ZMain Library Open Access Collection
995 _aBINDERY (DAMAGED)
_D0.00
_e732193
_FCBU-MAIN LIBRARY (Kitwe)
_H2
_I33.00
_jHF 5691 Sah
_M2
_UDAMAGED
_y029960
_ZMain Library Open Access Collection
999 _c82111
_d82111